000 01347nac a22003011i 4500
003 EG-ScBUE
005 20260311095607.0
008 260216t2006 njua f b 001 0 eng d
020 _a013201744X
020 _a9780132017442
040 _aEG-ScBUE
_beng
_erda
_cEG-ScBUE
_dEG-ScBUE
082 0 4 _a572
_bVAN
_222
100 1 _aVan Holde, K. E.
_q(Kensal Edward),
_d1928-
_eauthor.
245 1 0 _aPrinciples of physical biochemistry /
_cKensal E. van Holde, Professor Emeritus of Biochemistry and Biophysics, Department of Biochemistry and Biophysics, Oregon State University, W. Curtis Johnson, Professor Emeritus of Biochemistry and Biophysics, Department of Biochemistry and Biophysics, P. Shing Ho, Professor and Chair, Biochemistry and Biophysics, Department of Biochemistry and Biophysics.
250 _aSecond edition.
264 1 _aUpper Saddle River, NJ :
_bPearson/Prentice Hall,
_c[2006]
264 4 _cc2006
300 _a1 volume (various pagings) :
_billustrations ;
_c22 cm
336 _2rdacontent
_atext
_btxt
337 _aunmediated
_2rdamedia
_bn
338 _avolume
_bnc
_2rdacarrier
504 _aIncludes bibliographical references and index.
650 7 _aPhysical biochemistry.
_2BUEsh
655 _vReading book
700 1 _aJohnson, W. Curtis,
_eauthor.
700 1 _aHo, Pui Shing,
_d1957-
_eauthor.
942 _cBB
_2ddc
999 _c2657
_d2657